Xunzi jiang yi /
Disimpan dalam:
| Pengarang Utama: | |
|---|---|
| Format: | Buku |
| Bahasa: | Chinese |
| Diterbitkan: |
[Xianggang] :
E hu shu she,
Min guo 52 [1963]
|
| Subjek-subjek: | |
| Penanda-penanda: |
Tambah Penanda
Tiada Penanda, Jadilah orang pertama menanda rekod ini!
|
| LEADER | 00797cam a2200253 i 4500 | ||
|---|---|---|---|
| 001 | 007728833-5 | ||
| 005 | 20024617110316.0 | ||
| 008 | 941209s1963 hk 000 0 chi | ||
| 010 | |a c 64001511 | ||
| 035 | 0 | |a ocm31636873 | |
| 040 | |a DLC |c NIC |d *YNH* |d CStRLIN | ||
| 050 | 0 | 0 | |a B128.H66 |b C5 |
| 100 | 1 | |6 880-01 |a Cheng, Zhaoxiong. | |
| 245 | 1 | 0 | |6 880-02 |a Xunzi jiang yi / |c Cheng Zhaoxiong zhu. |
| 260 | |6 880-03 |a [Xianggang] : |b E hu shu she, |c Min guo 52 [1963] | ||
| 300 | |a 91 p. ; |c 21 cm. | ||
| 500 | |a Cover title. | ||
| 600 | 0 | 0 | |6 880-04 |a Xunzi, |d 340 B.C.-245 B.C. |
| 880 | 1 | |6 100-01 |a 程兆熊. | |
| 880 | 1 | 0 | |6 245-02 |a 荀子講義 / |c 程兆熊著. |
| 880 | |6 260-03 |a [香港] : |b 鵝湖書社, |c 民國52 [1963] | ||
| 880 | 0 | 0 | |6 600-04 |a 荀子, |d 340 B.C.-245 B.C. |
| 988 | |a 20021108 | ||
| 906 | |0 DLC | ||


